[Event "Rohde op 07th"]
[Site "Sautron"]
[Date "2007.11.02"]
[Round "8"]
[White "Somerville, Antoine"]
[Black "Le Huec, Samuel"]
[Result "1-0"]
[WhiteElo "1530"]
[BlackElo "1740"]
[PlyCount "59"]
[EventDate "2007.10.27"]
[EventType "swiss"]
[EventRounds "9"]
[EventCountry "FRA"]
[SourceTitle "EXT 2008"]
[Source "ChessBase"]
[SourceDate "2007.11.25"]
[SourceVersion "1"]
[SourceVersionDate "2007.11.25"]
[SourceQuality "1"]

1. d4 Nf6 2. c4 g6 3. Nc3 Bg7 4. Nf3 d6 5. e4 0-0 6. Be2 e5 7. Bg5 h6 8. Bh4 exd4 9. Nxd4 Re8 10. Qc2 Bd7 11. 0-0-0 Nc6 12. Nxc6 Bxc6 13. f3 a6 14. Bf2 Nh5 15. Be3 Qf6 16. Qd2 Kh7 17. g4 Qh4 18. gxh5 Qxh5 19. Nd5 Bxd5 20. Qxd5 g5 21. Bd4 Bf8 22. Qf5+ Qg6 23. Qxg6+ fxg6 24. h3 c5 25. Bc3 Reb8 26. a4 Re8 27. Rd5 b5 28. cxb5 axb5 29. Bxb5 Rab8 30. Kc2 1-0